| 000 | 01769nam a2200385 i 4500 | ||
|---|---|---|---|
| 003 | EG-GICUC | ||
| 005 | 20260121101221.0 | ||
| 008 | 251114s1986 ua ||||fr|||| 00| 0 ara d | ||
| 017 | _a٨٦/٧٨١٠ | ||
| 040 |
_a EG-GICUC _bara _c EG-GICUC _d EG-GICUC _erda |
||
| 041 | 0 | _aara | |
| 082 | 0 | 4 |
_221 _a342.52265 _bا ل . ا |
| 092 | 0 | 4 | _221 |
| 099 | _aLaw1 08 342.52265 ا ل . ا 1986 | ||
| 100 | 0 |
_aالسيد يسين _eمقدم. |
|
| 245 | 1 | 0 |
_aانتخابات مجلس الشعب(1984) : _b(دراسة وتحليل) / _cتقديم : السيد يسين اشراف ؛ إشراف : د . على الدين هلال ؛ السيد زهرة، إيمان محمد حسين، جمال عبد الجواد، سيد عبد المجيد، ضياء رشوان، دينا الخواجه. |
| 264 | 1 |
_aالقاهرة : _bمركز الدراسات السياسية والاستراتيجية، _c1986. |
|
| 300 |
_a272 ؛صفحة _c24 سم. |
||
| 336 |
_2rda content _atext |
||
| 337 |
_2rda media _aComputer |
||
| 338 |
_2rda carrier _aOnline Resource |
||
| 546 | _aالنص باللغة العربية | ||
| 650 | 1 | 4 | _aالإنتخاب بنظام الأغلبية |
| 650 | 1 | 4 | _aالقانون الدستوري |
| 700 | 1 |
_aعلى الدين هلال _eمؤلف مشارك. |
|
| 700 | 1 |
_aالسيد زهرة _eمؤلف مشارك. |
|
| 700 | 1 |
_aإيمان محمد حسين _eمؤلف مشارك. |
|
| 700 | 1 |
_aجمال عبد الجواد _eمؤلف مشارك. |
|
| 700 | 1 |
_aسيد عبد الجواد _eمؤلف مشارك. |
|
| 700 | 1 |
_aضياء رشوان _eمؤلف مشارك. |
|
| 700 | 1 |
_aدينا الخواجه _eمؤلف مشارك. |
|
| 856 | 4 | 0 | _uhttps://fll.law.cu.edu.eg/fulltext/bks/B08-01400.pdf |
| 905 |
_a32 _eYara |
||
| 942 |
_2ddc _cBK _e21 _n0 |
||
| 999 |
_c43240 _d43240 |
||